| 000 | 00699nam a2200229 u 4500 | ||
|---|---|---|---|
| 005 | 20210223131306.0 | ||
| 008 | 100524s2007 mx r 000 0 spa d | ||
| 020 | _a9789686849677 (ADN) | ||
| 020 | _a9703513840 (CONACULTA) | ||
| 035 | _aUPN01000176052 | ||
| 049 | _aCG | ||
| 050 | 4 |
_aN72 S3 _bG3.6 |
|
| 100 | 1 |
_aGarcía, Horacio _935214 |
|
| 245 | 1 | 3 |
_aLa química en el arte / _cHoracio García y Lena García. |
| 260 |
_aMéxico : _bCONACULTA : _bADN, _c2007. |
||
| 300 |
_a166 p. : _bil. col. |
||
| 440 | 0 |
_aViaje al centro de la ciencia ; _v22 |
|
| 534 |
_pTraducción de: _tEl arte y la química |
||
| 650 | 4 |
_aARTE Y CIENCIA _92626 |
|
| 700 | 1 |
_aGarcía, Lena, _ecoaut. |
|
| 905 | _aLibro | ||
| 999 |
_c148155 _d148155 |
||